[Event "Aeroflot Open"]
[Site "Moscow RUS"]
[Date "2010.02.17"]
[EventDate "2010.02.09"]
[Round "9"]
[Result "0-1"]
[White "Maxim Rodshtein"]
[Black "Stanislav Novikov"]
[WhiteElo "2622"]
[BlackElo "2557"]
[PlyCount "124"]

1. d4 g6 2. c4 Bg7 3. e4 d6 4. Nc3 Nf6 5. Nf3 O-O 6. Be2 Bg4
7. Be3 Nfd7 8. O-O c5 9. d5 Qa5 10. Qc2 Na6 11. a3 Nc7 12. Bd2
Qa6 13. b4 b6 14. Qb3 Bxf3 15. Bxf3 b5 16. Be2 bxc4 17. Bxc4
Qb7 18. Rab1 cxb4 19. Qxb4 Qxb4 20. axb4 Rfb8 21. Rfc1 Rb7
22. Bd3 Rab8 23. Na2 Ne5 24. Bf1 f5 25. exf5 gxf5 26. h3 Nxd5
27. f4 Nd7 28. g4 Bd4+ 29. Kh2 fxg4 30. hxg4 Ne3 31. Be2 Nf6
32. Bf3 Nexg4+ 33. Kh3 Nf2+ 34. Kg2 d5 35. Bc3 Bxc3 36. Nxc3
Nd3 37. Nxd5 Nxc1 38. Nxf6+ exf6 39. Bxb7 Nd3 40. Be4 Nxf4+
41. Kf3 Ng6 42. b5 Re8 43. Ra1 Re7 44. Bd5+ Kg7 45. Be4 Nh4+
46. Kf4 Ng6+ 47. Kf3 Ne5+ 48. Kf4 Nf7 49. Bf3 Ng5 50. Bg4 Nf7
51. Bf3 Nd6 52. Bc6 h5 53. Rg1+ Kh7 54. Rd1 Nf7 55. Ra1 Ng5
56. Kf5 Kg7 57. Ra4 Nh3 58. Re4 Rxe4 59. Kxe4 Ng5+ 60. Kd5 h4
61. Kd6 h3 62. Kc7 Ne6+ 0-1

[Event "European Individual Championships"]
[Site "Rijeka CRO"]
[Date "2010.03.06"]
[EventDate "2010.03.06"]
[Round "1"]
[Result "0-1"]
[White "Julijan Plenca"]
[Black "Maxim Rodshtein"]
[WhiteElo "2323"]
[BlackElo "2609"]
[PlyCount "66"]

1. e4 c5 2. Nf3 e6 3. d4 cxd4 4. Nxd4 a6 5. Nc3 d6 6. Bd3 Nf6
7. O-O b5 8. a3 Bb7 9. Qe2 Nbd7 10. Bd2 Qb6 11. Nb3 Be7
12. Kh1 O-O 13. f4 Qc7 14. Rae1 g6 15. Nd4 Rfe8 16. Nf3 Bf8
17. e5 Nd5 18. Qf2 Nxc3 19. Bxc3 Bxf3 20. Qxf3 dxe5 21. Bxe5
Nxe5 22. fxe5 Bg7 23. Qg3 Rad8 24. Re4 Rd5 25. Rfe1 Red8
26. Qh4 Rxe5 27. Rxe5 Bxe5 28. a4 bxa4 29. Bxa6 Qa5 30. c3 Rd2
31. Bc4 Rxb2 32. Rf1 Qa8 33. Qg4 Qc6 0-1

[Event "European Individual Championships"]
[Site "Rijeka CRO"]
[Date "2010.03.07"]
[EventDate "2010.03.06"]
[Round "2"]
[Result "1/2-1/2"]
[White "Maxim Rodshtein"]
[Black "Henrik Danielsen"]
[WhiteElo "2609"]
[BlackElo "2494"]
[PlyCount "109"]

1. d4 d6 2. Nf3 g6 3. c4 Bg7 4. Nc3 Bg4 5. e3 c5 6. Be2 cxd4
7. exd4 Nh6 8. O-O Nf5 9. d5 Nd7 10. Bd2 O-O 11. b3 a6 12. a4
Qb6 13. Rb1 Rfe8 14. Ne4 e6 15. a5 Qa7 16. Bf4 Nc5 17. Nxc5
dxc5 18. Bc7 exd5 19. cxd5 Bf8 20. h3 Bxf3 21. Bxf3 Rac8
22. d6 Bxd6 23. Bb6 Qb8 24. Qd5 Re7 25. Rfe1 Nd4 26. Bg4 Rce8
27. Rxe7 Rxe7 28. Bxc5 Bxc5 29. Qxc5 Qe5 30. Qxe5 Rxe5 31. b4
f5 32. Bf3 Nxf3+ 33. gxf3 Rb5 34. Kf1 Kg7 35. Ke2 Kh6 36. f4
Kh5 37. Kf3 b6 38. Rc1 bxa5 39. Rc7 h6 40. bxa5 Rxa5 41. Kg3
Ra3+ 42. Kg2 a5 43. Rc5 a4 44. Ra5 Ra1 45. Kh2 a3 46. Kg2 a2
47. Ra6 Kh4 48. Ra4 Kh5 49. Ra6 g5 50. fxg5 hxg5 51. Kh2 g4
52. hxg4+ fxg4 53. Kg2 Kg5 54. Ra7 Kf4 55. Rf7+ 1/2-1/2

[Event "European Individual Championships"]
[Site "Rijeka CRO"]
[Date "2010.03.08"]
[EventDate "2010.03.06"]
[Round "3"]
[Result "1/2-1/2"]
[White "Peter Prohaszka"]
[Black "Maxim Rodshtein"]
[WhiteElo "2501"]
[BlackElo "2609"]
[PlyCount "41"]

1. d4 Nf6 2. c4 g6 3. Nc3 d5 4. cxd5 Nxd5 5. e4 Nxc3 6. bxc3
Bg7 7. Bc4 c5 8. Ne2 Nc6 9. Be3 O-O 10. O-O Na5 11. Bd3 b6
12. Rc1 e5 13. dxc5 Be6 14. c4 bxc5 15. Bxc5 Bh6 16. Rc3 Re8
17. Be3 Bxe3 18. fxe3 Rb8 19. Qa4 Re7 20. c5 Rb2 21. Qa3
1/2-1/2

[Event "European Individual Championships"]
[Site "Rijeka CRO"]
[Date "2010.03.09"]
[EventDate "2010.03.06"]
[Round "4"]
[Result "1-0"]
[White "Maxim Rodshtein"]
[Black "Keith Arkell"]
[WhiteElo "2609"]
[BlackElo "2474"]
[PlyCount "85"]

1. d4 e6 2. c4 Bb4+ 3. Nd2 d5 4. a3 Be7 5. Ngf3 Nf6 6. Qc2 b6
7. e4 dxe4 8. Nxe4 Bb7 9. Bd3 Nbd7 10. O-O O-O 11. Rd1 Nxe4
12. Bxe4 Bxe4 13. Qxe4 Nf6 14. Qe2 c6 15. Bf4 Qc8 16. d5 Re8
17. dxe6 Qxe6 18. Qxe6 fxe6 19. Re1 Nd7 20. Rad1 Nf8 21. g3
Bf6 22. b4 b5 23. cxb5 cxb5 24. Rd6 a6 25. Rc6 Red8 26. Bd6
Rdc8 27. Rec1 Rxc6 28. Rxc6 Bb2 29. Be5 Bxe5 30. Nxe5 g5
31. Rc7 h5 32. Kg2 Rd8 33. Ra7 Rd5 34. Nc6 Rd2 35. Rxa6 Nh7
36. Ne5 Ra2 37. Rxe6 Rxa3 38. Rg6+ Kf8 39. Rb6 g4 40. Rxb5 Nf6
41. Ng6+ Kf7 42. Nf4 Ra2 43. Rf5 1-0

[Event "European Individual Championships"]
[Site "Rijeka CRO"]
[Date "2010.03.10"]
[EventDate "2010.03.06"]
[Round "5"]
[Result "0-1"]
[White "Maxim Rodshtein"]
[Black "Arkadij Naiditsch"]
[WhiteElo "2609"]
[BlackElo "2691"]
[PlyCount "78"]

1. d4 Nf6 2. c4 e6 3. Nf3 d5 4. g3 dxc4 5. Bg2 Nc6 6. Qa4 Nd7
7. Qxc4 Nb6 8. Qb5 a6 9. Qd3 e5 10. Nxe5 Nb4 11. Qd1 Qxd4
12. Qxd4 Nc2+ 13. Kd1 Nxd4 14. Be3 Nf5 15. Bxb6 cxb6 16. Nc3
Bc5 17. Nd3 O-O 18. Ne4 Be7 19. e3 Bd7 20. Ke2 Bc6 21. Rhc1
Rfe8 22. g4 Nh6 23. Bf3 Rad8 24. h3 f5 25. gxf5 Nxf5 26. Ne5
Bb5+ 27. Nc4 Bh4 28. Bh1 Rf8 29. a4 Nd6 30. axb5 Nxe4 31. f4
Ng3+ 32. Kf3 axb5 33. Ne5 Rd5 34. Ng4 Rd2 35. Rc7 Rxb2 36. Rg1
h5 37. Ne5 Nf5 38. Ke4 Rd2 39. Rd7 Nd6+ 0-1

[Event "European Individual Championships"]
[Site "Rijeka CRO"]
[Date "2010.03.11"]
[EventDate "2010.03.06"]
[Round "6"]
[Result "0-1"]
[White "Rene Stern"]
[Black "Maxim Rodshtein"]
[WhiteElo "2501"]
[BlackElo "2609"]
[PlyCount "112"]

1. d4 Nf6 2. c4 g6 3. Nc3 d5 4. Nf3 Bg7 5. e3 O-O 6. Be2 c5
7. dxc5 dxc4 8. O-O Qc7 9. e4 Nbd7 10. Bxc4 Qxc5 11. Qe2 Nb6
12. Bb3 Bg4 13. h3 Bxf3 14. Qxf3 Nfd7 15. Be3 Qb4 16. Rad1 e6
17. Bf4 Ne5 18. Qg3 Nec4 19. Bd6 Nxd6 20. Qxd6 Bxc3 21. bxc3
Qxc3 22. Rc1 Qf6 23. Rc7 Rfd8 24. Qg3 Rab8 25. Rfc1 Nc8 26. e5
Qf5 27. R7c3 Nb6 28. Bc2 Qh5 29. Be4 Rd1+ 30. Kh2 Rxc1
31. Rxc1 Qe2 32. Qf4 Rd8 33. Rc2 Qh5 34. Bxb7 Nd7 35. Bc6 Qxe5
36. Qxe5 Nxe5 37. Bb5 g5 38. a4 a5 39. Rc5 f6 40. Rc7 Rd2
41. Kg1 Nd3 42. Bc4 Nf4 43. Ra7 Rc2 44. Bb5 h5 45. Rxa5 Rc1+
46. Kh2 Rc2 47. Kg1 f5 48. Ra7 h4 49. Bf1 Rc1 50. g3 hxg3
51. fxg3 Nxh3+ 52. Kg2 g4 53. Bb5 Rc2+ 54. Kh1 f4 55. gxf4 g3
56. Bf1 Rh2+ 0-1

[Event "European Individual Championships"]
[Site "Rijeka CRO"]
[Date "2010.03.12"]
[EventDate "2010.03.06"]
[Round "7"]
[Result "1-0"]
[White "Maxim Rodshtein"]
[Black "Danyyil Dvirnyy"]
[WhiteElo "2609"]
[BlackElo "2450"]
[PlyCount "63"]

1. d4 Nf6 2. c4 c5 3. d5 e6 4. Nc3 exd5 5. cxd5 d6 6. Nf3 g6
7. Bf4 a6 8. a4 Bg7 9. e3 Nh5 10. Bg5 Bf6 11. Bxf6 Nxf6
12. Nd2 b6 13. Nc4 Ra7 14. Be2 O-O 15. O-O Ne8 16. Rb1 Re7
17. b4 Nd7 18. bxc5 bxc5 19. a5 f5 20. g3 h5 21. f4 h4 22. g4
g5 23. gxf5 Rg7 24. Kh1 Rxf5 25. Bg4 Ndf6 26. Bxf5 Bxf5
27. fxg5 Rxg5 28. e4 Bh3 29. Rg1 Ng4 30. Qf3 Qe7 31. e5 Qh7
32. Rb8 1-0

[Event "European Individual Championships"]
[Site "Rijeka CRO"]
[Date "2010.03.15"]
[EventDate "2010.03.06"]
[Round "9"]
[Result "0-1"]
[White "Maxim Rodshtein"]
[Black "Rauf Mamedov"]
[WhiteElo "2609"]
[BlackElo "2639"]
[PlyCount "96"]

1. d4 d6 2. Nf3 g6 3. c4 Bg7 4. Nc3 Nf6 5. e4 O-O 6. Be2 Na6
7. O-O e5 8. Be3 Qe8 9. dxe5 dxe5 10. Nd2 b6 11. a3 Nc5 12. b4
Ne6 13. Nb3 Bb7 14. Qc2 h5 15. Rad1 Ng4 16. Bc1 Nd4 17. Nxd4
exd4 18. Nd5 c6 19. Nf4 Rd8 20. h3 Ne5 21. Nd3 c5 22. f4 Nd7
23. Nf2 Qe7 24. b5 Rfe8 25. Bd3 Qh4 26. Kh2 Bh6 27. g3 Qe7
28. e5 Bg7 29. Rde1 h4 30. Ng4 f5 31. Bxf5 gxf5 32. Qxf5 d3
33. Bd2 Nf8 34. gxh4 Qxh4 35. Rg1 Kh8 36. Rg3 Bc8 37. Qe4 Qh7
38. Qc6 Bd7 39. Qb7 Bf5 40. Qxa7 Re6 41. Reg1 Ng6 42. Qb7 Nh4
43. Re1 Rg6 44. Kg1 Qh5 45. Kf2 Rf8 46. Reg1 Bxe5 47. Qe7 Bd4+
48. Be3 Bg7 0-1

[Event "European Individual Championships"]
[Site "Rijeka CRO"]
[Date "2010.03.16"]
[EventDate "2010.03.06"]
[Round "10"]
[Result "0-1"]
[White "Alexander Moiseenko"]
[Black "Maxim Rodshtein"]
[WhiteElo "2668"]
[BlackElo "2609"]
[PlyCount "82"]

1. d4 Nf6 2. c4 g6 3. Nc3 d5 4. cxd5 Nxd5 5. Bd2 Bg7 6. e4
Nxc3 7. Bxc3 O-O 8. Rc1 c5 9. d5 Bxc3+ 10. Rxc3 e6 11. d6 e5
12. Nf3 Bg4 13. Rxc5 Bxf3 14. gxf3 Nc6 15. Bh3 Qf6 16. O-O Nd4
17. d7 Rad8 18. Rd5 h5 19. Qd3 Nxf3+ 20. Kg2 Ng5 21. Qe3 b6
22. Rfd1 Kg7 23. a4 Qe7 24. a5 f6 25. axb6 axb6 26. Rd6 Rf7
27. Kh1 b5 28. Qd3 b4 29. Qe3 Rff8 30. Kg2 Rf7 31. Rc6 Nxh3
32. Qxh3 Rxd7 33. Rxd7 Qxd7 34. Qxd7 Rxd7 35. Rc4 Rd4 36. Rxd4
exd4 37. Kf3 Kf7 38. Ke2 Ke6 39. f4 g5 40. Kd3 gxf4 41. Kxd4
b3 0-1

[Event "European Individual Championships"]
[Site "Rijeka CRO"]
[Date "2010.03.17"]
[EventDate "2010.03.06"]
[Round "11"]
[Result "1-0"]
[White "Maxim Rodshtein"]
[Black "Laurent Fressinet"]
[WhiteElo "2609"]
[BlackElo "2670"]
[PlyCount "109"]

1. c4 Nf6 2. Nc3 g6 3. e4 d6 4. d4 Bg7 5. Nf3 O-O 6. Be2 e5
7. O-O Nbd7 8. Be3 Re8 9. d5 Nh5 10. g3 Bf8 11. Ne1 Ng7
12. Nd3 f5 13. f3 a5 14. Qd2 b6 15. Bd1 Ba6 16. b3 Nf6 17. Bc2
Be7 18. Nf2 Nfh5 19. Bh6 f4 20. g4 Nf6 21. a3 Kh8 22. b4 Bxc4
23. Bd3 Bxd3 24. Nxd3 Qd7 25. Rfc1 Rec8 26. Bxg7+ Kxg7 27. a4
h5 28. g5 Nh7 29. h4 Qh3 30. Qf2 axb4 31. Nb5 Bxg5 32. hxg5
Nxg5 33. Ne1 b3 34. Ra3 Kh6 35. Qg2 Qd7 36. Rc6 Ra5 37. Nd3
Rca8 38. Rxb3 Rxa4 39. Rxc7 Ra1+ 40. Kh2 Qd8 41. Nc1 Rc8
42. Rxc8 Qxc8 43. Rc3 Qd7 44. Rc6 Rxc1 45. Rxc1 Qxb5 46. Rg1
Nxf3+ 47. Qxf3 g5 48. Qh3 Qe2+ 49. Qg2 Qxg2+ 50. Rxg2 g4
51. Rb2 Kg5 52. Rxb6 f3 53. Rxd6 h4 54. Rd8 g3+ 55. Kh3 1-0

[Event "Wroclaw Chess Festival"]
[Site "Wroclaw POL"]
[Date "2010.06.26"]
[EventDate "2010.06.26"]
[Round "1"]
[Result "1-0"]
[White "Maxim Rodshtein"]
[Black "Daniel Sadzikowski"]
[WhiteElo "2626"]
[BlackElo "2258"]
[PlyCount "73"]

1. c4 c6 2. d4 d5 3. Nf3 Nf6 4. Nc3 dxc4 5. a4 Na6 6. e4 Bg4
7. Bxc4 e6 8. O-O Be7 9. Be3 O-O 10. h3 Bh5 11. g4 Bg6 12. Ne5
Nb4 13. Qe2 Nd7 14. f4 Nxe5 15. dxe5 h6 16. f5 exf5 17. exf5
Bh7 18. Rad1 Qc7 19. Bf4 Bg5 20. Bg3 Rae8 21. Kg2 Kh8 22. Ne4
Nd5 23. Nxg5 hxg5 24. Bxd5 cxd5 25. Rd4 Qc6 26. Qd2 f6 27. Rc1
Qa6 28. e6 g6 29. Rxd5 gxf5 30. gxf5 Qxa4 31. b4 Qb3 32. Bd6
Rg8 33. Rd3 Qa4 34. Qb2 Rxe6 35. fxe6 Bxd3 36. Qxf6+ Rg7
37. Qh6+ 1-0

[Event "Wroclaw Chess Festival"]
[Site "Wroclaw POL"]
[Date "2010.06.27"]
[EventDate "2010.06.26"]
[Round "2"]
[Result "1/2-1/2"]
[White "Nikolai Aliavdin"]
[Black "Maxim Rodshtein"]
[WhiteElo "2367"]
[BlackElo "2626"]
[PlyCount "121"]

1. e4 c6 2. d4 d5 3. Nc3 dxe4 4. Nxe4 Bf5 5. Ng3 Bg6 6. h4 h6
7. Nf3 Nd7 8. h5 Bh7 9. Bd3 Bxd3 10. Qxd3 e6 11. Bd2 Ngf6
12. O-O-O Be7 13. Qe2 Qc7 14. Ne5 O-O 15. Ng6 Rfe8 16. Nxe7+
Rxe7 17. Ne4 Nxe4 18. Qxe4 Qd6 19. Qh4 Ree8 20. g4 f6 21. Kb1
Nb6 22. Bc1 e5 23. dxe5 Qxe5 24. f4 Qc5 25. Rhe1 Nd5 26. g5
Qc4 27. Qf2 fxg5 28. fxg5 hxg5 29. Qf5 Qb4 30. Rxe8+ Rxe8
31. Rf1 Qf8 32. Qh3 Nf4 33. Qg4 Qf6 34. a3 Rf8 35. Rg1 Qf5
36. Qxg5 Nxh5 37. Qe7 Qf7 38. Qc5 a6 39. Qb4 Re8 40. Rg5 Nf6
41. Qh4 Re2 42. Rg1 Re5 43. Qh3 Qd7 44. Qg3 Rh5 45. Qg6 Qf7
46. Qg3 Nd5 47. Re1 Kh7 48. Qb8 Nf6 49. b3 Qd7 50. Bb2 Ng4
51. Rg1 Rh6 52. Qf4 Nf6 53. Bc1 b5 54. Qf3 Rh3 55. Qg2 Kh8
56. Bb2 Rh6 57. Bc1 Rh5 58. Bb2 Rh6 59. Bc1 Rh5 60. Bb2 Rh6
61. Bc1 1/2-1/2

[Event "Wroclaw Chess Festival"]
[Site "Wroclaw POL"]
[Date "2010.06.28"]
[EventDate "2010.06.26"]
[Round "3"]
[Result "1-0"]
[White "Maxim Rodshtein"]
[Black "Jakub Zeberski"]
[WhiteElo "2626"]
[BlackElo "2403"]
[PlyCount "79"]

1. d4 d5 2. Nf3 Nc6 3. Bf4 Bg4 4. e3 e6 5. c4 Nf6 6. Nc3 Bb4
7. Rc1 O-O 8. h3 Bxf3 9. Qxf3 Ne4 10. Bd3 f5 11. Qe2 Bd6
12. Bxd6 Qxd6 13. cxd5 Nxc3 14. bxc3 exd5 15. O-O f4 16. exf4
Rxf4 17. g3 Rf7 18. Rce1 Re7 19. Qd1 Rae8 20. Rxe7 Rxe7
21. Qb1 Nd8 22. Bxh7+ Kh8 23. Bd3 Qh6 24. Re1 Qf6 25. Qd1
Rxe1+ 26. Qxe1 Qe6 27. Qxe6 Nxe6 28. Bf5 Nd8 29. Kg2 b6
30. Kf3 Kg8 31. Kf4 Kf7 32. Ke5 Ke7 33. Kxd5 c6+ 34. Ke4 Nf7
35. Kd3 Kd6 36. h4 a5 37. f4 b5 38. g4 c5 39. dxc5+ Kxc5
40. g5 1-0

[Event "Wroclaw Chess Festival"]
[Site "Wroclaw POL"]
[Date "2010.06.28"]
[EventDate "2010.06.26"]
[Round "4"]
[Result "1-0"]
[White "Kacper Piorun"]
[Black "Maxim Rodshtein"]
[WhiteElo "2499"]
[BlackElo "2626"]
[PlyCount "91"]

1. e4 c6 2. d4 d5 3. Nc3 dxe4 4. Nxe4 Bf5 5. Nc5 Nd7 6. Nxb7
Qc7 7. Nc5 Nxc5 8. dxc5 e5 9. b4 a5 10. c3 Rd8 11. Qa4 Nf6
12. Bc4 Nd5 13. Ne2 Be6 14. Bxd5 Rxd5 15. O-O Be7 16. Be3 O-O
17. Rad1 f5 18. Rxd5 Bxd5 19. f3 g5 20. Qc2 Qb8 21. a3 Qb5
22. Bf2 f4 23. Re1 Bf6 24. Nc1 Qc4 25. Nd3 Re8 26. Nb2 Qa2
27. c4 Bf7 28. Qc3 axb4 29. axb4 Ra8 30. Re2 Ra3 31. Qe1 e4
32. Nd1 Qa1 33. fxe4 Rd3 34. Rd2 Rxd2 35. Qxd2 Bh5 36. e5 Be7
37. b5 Bxd1 38. Qe1 Qa4 39. b6 Qb3 40. h3 Bc2 41. Qa1 Kf7
42. Qa8 Be4 43. e6+ Kf6 44. Qg8 Qd1+ 45. Kh2 Qd8 46. Bd4+ 1-0

[Event "Wroclaw Chess Festival"]
[Site "Wroclaw POL"]
[Date "2010.06.29"]
[EventDate "2010.06.26"]
[Round "5"]
[Result "1-0"]
[White "Maxim Rodshtein"]
[Black "Deimante Daulyte"]
[WhiteElo "2626"]
[BlackElo "2334"]
[PlyCount "89"]

1. c4 g6 2. e4 Bg7 3. d4 d6 4. Nc3 Nf6 5. f3 O-O 6. Nge2 a6
7. Be3 Nc6 8. Qd2 Rb8 9. Rc1 Bd7 10. Nd1 b5 11. c5 e6 12. Nf2
b4 13. g4 Ne8 14. h4 Qe7 15. h5 dxc5 16. Rxc5 e5 17. d5 Na7
18. Nc1 Bb5 19. Nb3 Nd6 20. g5 Bxf1 21. Kxf1 f5 22. gxf6 Qxf6
23. Rh3 Nab5 24. Rc6 gxh5 25. Nc5 Nc4 26. Qe2 Nxe3+ 27. Qxe3
Qf4 28. Qxf4 Rxf4 29. Ne6 Rf6 30. Nd3 b3 31. axb3 Nd4 32. Nxd4
exd4 33. Rxf6 Bxf6 34. Rxh5 Rxb3 35. Ke2 a5 36. Rh1 Kg7 37. f4
Kg6 38. f5+ Kg7 39. Rc1 Bd8 40. Rg1+ Kf6 41. Rh1 Kg7 42. e5
Rb5 43. Nf4 Rxb2+ 44. Kd3 Rb3+ 45. Ke4 1-0

[Event "Wroclaw Chess Festival"]
[Site "Wroclaw POL"]
[Date "2010.06.30"]
[EventDate "2010.06.26"]
[Round "7"]
[Result "1/2-1/2"]
[White "Maxim Rodshtein"]
[Black "Sergei Tiviakov"]
[WhiteElo "2626"]
[BlackElo "2634"]
[PlyCount "89"]

1. d4 Nf6 2. c4 e6 3. Nc3 Bb4 4. e3 O-O 5. Nge2 d5 6. a3 Be7
7. cxd5 exd5 8. g3 a5 9. Bg2 Na6 10. O-O c6 11. f3 c5 12. g4
h6 13. Bd2 Nc7 14. dxc5 Bxc5 15. Nd4 Ne6 16. Nce2 b6 17. Re1
Ba6 18. Bc3 Bxe2 19. Rxe2 Nxd4 20. exd4 Bd6 21. Qd3 Qc7
22. Bf1 Nh7 23. Qf5 Rfd8 24. Rc1 Nf8 25. Bd2 Qb7 26. f4 Ne6
27. Rxe6 fxe6 28. Qxe6+ Qf7 29. Qxf7+ Kxf7 30. Rc6 Rac8
31. Rxb6 Rb8 32. Rb5 Rxb5 33. Bxb5 Rb8 34. a4 Bb4 35. Be3 Rc8
36. Bd3 Bc3 37. Ba6 Re8 38. Kf2 Bxb2 39. Bb7 Kf8 40. Kf3 Rb8
41. Bxd5 Rb4 42. Bc6 Bxd4 43. Bd2 Bc3 44. Be3 Bd4 45. Bd2
1/2-1/2

[Event "Wroclaw Chess Festival"]
[Site "Wroclaw POL"]
[Date "2010.06.30"]
[EventDate "2010.06.26"]
[Round "6"]
[Result "0-1"]
[White "Michal Matuszewski"]
[Black "Maxim Rodshtein"]
[WhiteElo "2308"]
[BlackElo "2626"]
[PlyCount "98"]

1. d4 Nf6 2. Nf3 g6 3. Bg5 Bg7 4. Nbd2 O-O 5. e4 d6 6. Be2 c5
7. dxc5 dxc5 8. c3 Nc6 9. Qc2 Qc7 10. O-O b6 11. Rfd1 Bb7
12. Nc4 h6 13. Bh4 Nh5 14. Ne3 e6 15. Nd2 Nf4 16. Ndc4 Nd4
17. cxd4 cxd4 18. Bf3 dxe3 19. fxe3 Rfc8 20. Rac1 b5 21. Na3
Qb6 22. Qb3 Rxc1 23. Rxc1 f5 24. Bf2 fxe4 25. exf4 Bd4 26. Rc2
exf3 27. Qd3 Bxf2+ 28. Rxf2 e5 29. Qb3+ Kg7 30. gxf3 exf4
31. Qxb5 Qxb5 32. Nxb5 g5 33. h4 Rd8 34. hxg5 hxg5 35. Nxa7
Rd1+ 36. Rf1 Rd3 37. a4 Bxf3 38. b4 Ba8 39. a5 Rg3+ 40. Kf2 g4
41. b5 Rg2+ 42. Ke1 f3 43. Nc6 Re2+ 44. Kd1 Ra2 45. Ke1 Ra1+
46. Kf2 g3+ 47. Kg1 f2+ 48. Kg2 Re1 49. a6 Kf6 0-1

[Event "Wroclaw Chess Festival"]
[Site "Wroclaw POL"]
[Date "2010.07.01"]
[EventDate "2010.06.26"]
[Round "8"]
[Result "1/2-1/2"]
[White "Csaba Balogh"]
[Black "Maxim Rodshtein"]
[WhiteElo "2621"]
[BlackElo "2626"]
[PlyCount "52"]

1. e4 c6 2. d4 d5 3. Nc3 dxe4 4. Nxe4 Bf5 5. Ng3 Bg6 6. h4 h6
7. Nf3 Nd7 8. h5 Bh7 9. Bd3 Bxd3 10. Qxd3 e6 11. Bd2 Ngf6
12. O-O-O Be7 13. Qe2 O-O 14. Nf1 c5 15. g4 cxd4 16. g5 Nd5
17. gxh6 Qb6 18. Qe4 Nc5 19. Qg4 Bf6 20. Bg5 Na4 21. Bxf6
Qxb2+ 22. Kd2 Qb4+ 23. Kc1 Qa3+ 24. Kd2 Qb4+ 25. Kc1 Qa3+
26. Kd2 Qb4+ 1/2-1/2

[Event "Wroclaw Chess Festival"]
[Site "Wroclaw POL"]
[Date "2010.07.02"]
[EventDate "2010.06.26"]
[Round "9"]
[Result "1-0"]
[White "Maxim Rodshtein"]
[Black "Vladimir Baklan"]
[WhiteElo "2626"]
[BlackElo "2633"]
[PlyCount "85"]

1. d4 Nf6 2. c4 e6 3. Nf3 b6 4. g3 Bb7 5. Bg2 Be7 6. O-O O-O
7. Re1 a5 8. Nbd2 d5 9. cxd5 exd5 10. Ne5 c5 11. b3 a4 12. Bb2
Nc6 13. Nxc6 Bxc6 14. Rc1 axb3 15. axb3 Ra2 16. Rc2 Ne4
17. Qb1 Ra7 18. Rd1 Rd7 19. Qa1 f6 20. Bh3 Rd6 21. Nf1 Ng5
22. Bg2 Ne6 23. Ne3 f5 24. dxc5 bxc5 25. Be5 f4 26. Bxd6 fxe3
27. Bxe7 exf2+ 28. Kf1 Qxe7 29. Qe5 Kh8 30. Bxd5 Bxd5 31. Rxd5
Qa7 32. Rc1 Nd4 33. Kg2 Nc2 34. Rf1 c4 35. Kh3 cxb3 36. Rc5
Qd7+ 37. g4 h5 38. Qxh5+ Kg8 39. Qe5 Re8 40. Qf4 Re3+ 41. Kh4
Qe7+ 42. Rg5 Re5 43. Qxe5 1-0

[Event "Biel Chess Festival"]
[Site "Biel SUI"]
[Date "2010.07.21"]
[EventDate "2010.07.19"]
[Round "3"]
[Result "0-1"]
[White "Maxim Rodshtein"]
[Black "Wesley So"]
[WhiteElo "2609"]
[BlackElo "2674"]
[PlyCount "78"]

1. d4 Nf6 2. c4 g6 3. Nc3 d5 4. cxd5 Nxd5 5. e4 Nxc3 6. bxc3
Bg7 7. Bc4 c5 8. Ne2 Nc6 9. Be3 O-O 10. O-O Na5 11. Bd3 b6
12. Qd2 e5 13. Bh6 cxd4 14. Bxg7 Kxg7 15. cxd4 exd4 16. f4 f6
17. f5 Nc6 18. Bb5 Ne5 19. Nxd4 gxf5 20. exf5 Kh8 21. Rad1 Bb7
22. Rf4 Qd5 23. Bf1 Rg8 24. Kh1 Rad8 25. Qf2 Rg4 26. Rd2 Rdg8
27. Ne6 Qc6 28. h3 Rxf4 29. Nxf4 Qe4 30. Nh5 Qc6 31. Kh2 Qc7
32. Kh1 Qc1 33. Kh2 Qc7 34. Kh1 Qf7 35. Nf4 Be4 36. Rd6 Qg7
37. Nh5 Qh6 38. Qh4 Bxg2+ 39. Bxg2 Qc1+ 0-1

[Event "Biel Chess Festival"]
[Site "Biel SUI"]
[Date "2010.07.22"]
[EventDate "2010.07.19"]
[Round "4"]
[Result "1/2-1/2"]
[White "Ngoc Truongson Nguyen"]
[Black "Maxim Rodshtein"]
[WhiteElo "2617"]
[BlackElo "2609"]
[PlyCount "71"]

1. Nf3 Nf6 2. g3 d5 3. Bg2 c6 4. d3 Bf5 5. O-O e6 6. Nbd2 h6
7. b3 Be7 8. Bb2 O-O 9. c4 Nbd7 10. Qc2 Bh7 11. Bc3 a5 12. a3
b5 13. cxb5 cxb5 14. b4 Rc8 15. bxa5 Nc5 16. Bb4 Nxd3 17. Bxe7
Qxe7 18. Qb3 Nc5 19. Qb4 Qa7 20. Rac1 Nce4 21. Nxe4 Bxe4
22. Nd4 Bxg2 23. Kxg2 Qa6 24. Rxc8 Rxc8 25. Rb1 Rc4 26. Qxb5
Qxb5 27. Nxb5 Ra4 28. Nd6 Rxa5 29. Rb8+ Kh7 30. Nxf7 Rxa3
31. Rb6 Ra2 32. Rxe6 Ne4 33. Kf1 Ra1+ 34. Kg2 Ra2 35. Kf1 Ra1+
36. Kg2 1/2-1/2

[Event "Biel Chess Festival"]
[Site "Biel SUI"]
[Date "2010.07.23"]
[EventDate "2010.07.19"]
[Round "5"]
[Result "1-0"]
[White "Maxim Rodshtein"]
[Black "Anish Giri"]
[WhiteElo "2609"]
[BlackElo "2672"]
[PlyCount "77"]

1. Nf3 Nf6 2. c4 e6 3. d4 d5 4. g3 Be7 5. Bg2 O-O 6. O-O dxc4
7. Qc2 a6 8. Qxc4 b5 9. Qc2 Bb7 10. Bd2 Be4 11. Qc1 Bb7 12. a3
Qc8 13. b4 Nc6 14. Qb2 a5 15. bxa5 Nxa5 16. Qxb5 Bc6 17. Qb2
Rb8 18. Bb4 Bd5 19. Nc3 Nc6 20. Nxd5 Nxd5 21. Rfc1 Ncxb4
22. axb4 Rxb4 23. Qc2 c5 24. e3 Rb8 25. dxc5 Rb5 26. c6 Rc5
27. Qxc5 Bxc5 28. Rxc5 Qb8 29. Nd4 Nc7 30. Rcc1 Qb4 31. Rcb1
Qc5 32. Rb7 Nd5 33. Bxd5 Qxd5 34. Rc1 Rc8 35. Rcb1 g6 36. Rb8
Qd8 37. Rxc8 Qxc8 38. Rc1 Kg7 39. c7 1-0

[Event "Biel Chess Festival"]
[Site "Biel SUI"]
[Date "2010.07.24"]
[EventDate "2010.07.19"]
[Round "6"]
[Result "1/2-1/2"]
[White "Dmitry Andreikin"]
[Black "Maxim Rodshtein"]
[WhiteElo "2650"]
[BlackElo "2609"]
[PlyCount "39"]

1. c4 Nf6 2. Nc3 e5 3. Nf3 Nc6 4. g3 Nd4 5. Bg2 Nxf3+ 6. Bxf3
Bb4 7. O-O O-O 8. d3 c6 9. Bd2 Re8 10. Qa4 Bxc3 11. Bxc3 d5
12. cxd5 Nxd5 13. Rfc1 Qd6 14. Qb3 Rb8 15. Bxd5 cxd5 16. d4
exd4 17. Bxd4 b6 18. Qf3 Re4 19. e3 Bh3 20. Rc3 1/2-1/2

[Event "Biel Chess Festival"]
[Site "Biel SUI"]
[Date "2010.07.26"]
[EventDate "2010.07.19"]
[Round "7"]
[Result "1/2-1/2"]
[White "Maxim Rodshtein"]
[Black "David Howell"]
[WhiteElo "2609"]
[BlackElo "2616"]
[PlyCount "103"]

1. Nf3 Nf6 2. c4 g6 3. Nc3 d5 4. cxd5 Nxd5 5. g3 Bg7 6. Bg2
Nxc3 7. bxc3 O-O 8. O-O c5 9. Qa4 Bd7 10. Qa3 Na6 11. Rb1 Bc6
12. d3 Qc8 13. Bf4 b6 14. Qb3 Nc7 15. Bxc7 Qxc7 16. Nd2 Rfd8
17. Bxc6 Qxc6 18. a4 h5 19. Qc4 e6 20. Rb3 Qd5 21. Qxd5 exd5
22. c4 Re8 23. e3 Rad8 24. Rfb1 Be5 25. Kf1 Bc7 26. Ke2 d4
27. e4 Kf8 28. f4 Ke7 29. a5 bxa5 30. Rb5 Bb6 31. Nb3 Kd6
32. Nxa5 Rb8 33. R5b2 Kc7 34. Nb3 a5 35. Ra2 Ra8 36. Rba1 Ra7
37. e5 f6 38. Nd2 fxe5 39. fxe5 Rxe5+ 40. Ne4 Rf5 41. Rb1 Kc6
42. h3 Bc7 43. Rb5 Bb6 44. Ra1 Rf8 45. Rb2 Raa8 46. Kd2 Rf3
47. Kc2 Ra7 48. Rab1 Ra6 49. Ra2 Ra7 50. Rab2 Ra6 51. Ra2 Ra7
52. Rab2 1/2-1/2

[Event "Biel Chess Festival"]
[Site "Biel SUI"]
[Date "2010.07.27"]
[EventDate "2010.07.19"]
[Round "8"]
[Result "1-0"]
[White "Maxime Vachier-Lagrave"]
[Black "Maxim Rodshtein"]
[WhiteElo "2723"]
[BlackElo "2609"]
[PlyCount "107"]

1. d4 Nf6 2. c4 g6 3. Nc3 d5 4. cxd5 Nxd5 5. g3 Bg7 6. Bg2 Nb6
7. Nf3 O-O 8. O-O Nc6 9. d5 Na5 10. e4 c6 11. Bf4 cxd5
12. Nxd5 Nxd5 13. exd5 Nc4 14. Qb3 Nd6 15. Rfe1 Bf6 16. Be5
Qa5 17. Bc3 Bxc3 18. bxc3 Re8 19. c4 Bf5 20. Ne5 f6 21. g4 Bc8
22. Nd3 b6 23. g5 Bd7 24. Qb2 fxg5 25. Ne5 Rad8 26. Nxd7 Rxd7
27. Bh3 Nf5 28. Bxf5 gxf5 29. Re5 Rd6 30. Rae1 Qa4 31. Qe2 Qd7
32. Qh5 Rg6 33. Re6 Kg7 34. R1e3 f4 35. Rh3 Rxe6 36. Qxh7+ Kf6
37. Rh6+ Ke5 38. Rxe6+ Kd4 39. Qf5 Qa4 40. Re4+ Kc5 41. d6+ e5
42. Rxe5+ Kxd6 43. c5+ bxc5 44. Qf6+ Kc7 45. Qf7+ Kd8 46. Qd5+
Kc7 47. Qxc5+ Kb7 48. Qd5+ Kb6 49. Rxg5 Qc6 50. Qxc6+ Kxc6
51. h4 f3 52. h5 Re4 53. Kh2 Ra4 54. Kg3 1-0